[Event "XIV. DBMM Schach"]
[Site "Dresden"]
[Date "2014.11.21"]
[Round "3.4"]
[White "Hein, Andrea"]
[Black "Pilhoefer, Bernd"]
[Result "1/2-1/2"]
[WhiteElo "1430"]
[BlackElo "1547"]
[Annotator "br"]
[PlyCount "69"]
[EventDate "2014.??.??"]
[EventType "team-swiss"]
[EventRounds "7"]
[EventCountry "GER"]
[Source "FV Schach e.V."]
[SourceDate "2015.07.06"]
[WhiteTeam "Baubehoerde Hamburg II"]
[BlackTeam "SV OSRAM Augsburg"]
[WhiteTeamCountry "GER"]
[BlackTeamCountry "GER"]

1. d4 d5 2. c4 dxc4 3. Qa4+ Bd7 4. Qxc4 e6 5. Nf3 Nf6 6. Bg5 Be7 7. e3 h6 8.
Bxf6 Bxf6 9. Be2 Nc6 10. Qc2 Nb4 11. Qd2 Be7 12. a3 Nd5 13. Nc3 O-O 14. O-O a6
15. Rac1 Rc8 16. Rfe1 c6 17. h3 Bd6 18. Ne5 Be8 19. Ne4 Bb8 20. Nc5 Qe7 21.
Red1 f6 22. Ned3 Bg6 23. Nf4 Nxf4 24. exf4 Rcd8 25. Qe3 Bf7 26. Bc4 Rd6 27. Re1
Re8 28. g3 g5 29. f5 e5 30. Bxf7+ Qxf7 31. Ne6 exd4 32. Qd2 Ba7 33. Rcd1 Rexe6
34. fxe6 Rxe6 35. Rxe6 1/2-1/2

[Event "XIV. DBMM Schach"]
[Site "Dresden"]
[Date "2014.11.21"]
[Round "3.1"]
[White "Mueller, Ralf"]
[Black "Bumes, Konrad"]
[Result "1-0"]
[WhiteElo "2389"]
[BlackElo "1848"]
[Annotator "br"]
[PlyCount "59"]
[EventDate "2014.??.??"]
[EventType "team-swiss"]
[EventRounds "7"]
[EventCountry "GER"]
[Source "FV Schach e.V."]
[SourceDate "2015.07.06"]
[WhiteTeam "SG Stern Stuttgart"]
[BlackTeam "EPA Muenchen II"]
[WhiteTeamCountry "GER"]
[BlackTeamCountry "GER"]

1. d4 d5 2. Nf3 Nf6 3. c4 c6 4. Nc3 e6 5. Bg5 Be7 6. e3 Nbd7 7. Qc2 Nb6 8. cxd5
Nbxd5 9. Rd1 Qa5 10. e4 Nxe4 11. Qxe4 Nxc3 12. bxc3 Bxg5 13. Nxg5 Qxg5 14. Bc4
O-O 15. O-O Bd7 16. Rd3 Rfe8 17. Rg3 Qf6 18. Re1 g6 19. Rf3 Qg5 20. h4 Qh6 21.
h5 Qxh5 22. Qf4 g5 23. Qe5 Qg6 24. Rf6 Qg7 25. Re3 Kf8 26. Rh3 Ke7 27. Rhf3 Rg8
28. Qc5+ Ke8 29. Qd6 Rc8 30. Rxf7 1-0

[Event "XIV. DBMM Schach"]
[Site "Dresden"]
[Date "2014.11.21"]
[Round "3.2"]
[White "Santos, Paulo"]
[Black "Karthaus, Carsten"]
[Result "1/2-1/2"]
[WhiteElo "1800"]
[BlackElo "1961"]
[Annotator "br"]
[PlyCount "68"]
[EventDate "2014.??.??"]
[EventType "team-swiss"]
[EventRounds "7"]
[EventCountry "GER"]
[Source "FV Schach e.V."]
[SourceDate "2015.07.06"]
[WhiteTeam "EPA Muenchen II"]
[BlackTeam "SG Stern Stuttgart"]
[WhiteTeamCountry "GER"]
[BlackTeamCountry "GER"]

1. e4 d5 2. exd5 Nf6 3. Nc3 Nxd5 4. d4 Bf5 5. Bc4 e6 6. Nge2 Be7 7. Nxd5 exd5
8. Bb3 O-O 9. O-O c6 10. Bf4 Nd7 11. Bg3 Nf6 12. Nf4 Re8 13. Re1 Ne4 14. Nd3
Bd6 15. Bxd6 Qxd6 16. Ne5 f6 17. Nf3 Re7 18. Nd2 Rae8 19. Nxe4 Rxe4 20. Rxe4
Rxe4 21. f3 Re7 22. Qd2 Qe6 23. Kf2 Kf7 24. Re1 Qxe1+ 25. Qxe1 Rxe1 26. Kxe1 b5
27. c3 g5 28. Ke2 Ke6 29. Ke3 h5 30. g3 Bb1 31. a3 Bf5 32. f4 g4 33. Bd1 Kd6
34. Be2 a6 1/2-1/2

[Event "XIV. DBMM Schach"]
[Site "Dresden"]
[Date "2014.11.21"]
[Round "3.3"]
[White "Bangert, Udo"]
[Black "Lange, Ronny"]
[Result "1/2-1/2"]
[WhiteElo "1905"]
[BlackElo "1693"]
[Annotator "br"]
[PlyCount "63"]
[EventDate "2014.??.??"]
[EventType "team-swiss"]
[EventRounds "7"]
[EventCountry "GER"]
[Source "FV Schach e.V."]
[SourceDate "2015.07.06"]
[WhiteTeam "SG Stern Stuttgart"]
[BlackTeam "EPA Muenchen II"]
[WhiteTeamCountry "GER"]
[BlackTeamCountry "GER"]

1. Nf3 c5 2. c4 Nf6 3. Nc3 Nc6 4. d4 cxd4 5. Nxd4 d5 6. Nxc6 bxc6 7. cxd5 cxd5
8. e3 e6 9. a3 Be7 10. b4 Bd7 11. Bd3 O-O 12. O-O Qc7 13. Bd2 Rfc8 14. Qe2 Bc6
15. b5 Bb7 16. Rfc1 Qd6 17. a4 a6 18. bxa6 Bxa6 19. Nb5 Qd7 20. h3 Ne4 21. Qd1
Nc5 22. Be2 e5 23. Bc3 f6 24. Kf1 Ne4 25. Bb2 Bb4 26. Rxc8+ Rxc8 27. Rc1 Rxc1
28. Bxc1 Qc6 29. Bb2 Kf8 30. Qc1 Qxc1+ 31. Bxc1 Nc5 32. Nc7 1/2-1/2

[Event "XIV. DBMM Schach"]
[Site "Dresden"]
[Date "2014.11.21"]
[Round "3.4"]
[White "Sidoti, Filippo"]
[Black "Molzan, Andreas"]
[Result "1/2-1/2"]
[WhiteElo "1597"]
[BlackElo "1255"]
[Annotator "br"]
[PlyCount "67"]
[EventDate "2014.??.??"]
[EventType "team-swiss"]
[EventRounds "7"]
[EventCountry "GER"]
[Source "FV Schach e.V."]
[SourceDate "2015.07.06"]
[WhiteTeam "EPA Muenchen II"]
[BlackTeam "SG Stern Stuttgart"]
[WhiteTeamCountry "GER"]
[BlackTeamCountry "GER"]

1. c4 e5 2. g3 Nf6 3. Bg2 Bc5 4. Nc3 Nc6 5. a3 Be7 6. b4 a6 7. e3 d6 8. Nge2
O-O 9. O-O Be6 10. Nd5 Na7 11. Qc2 c6 12. Nxe7+ Qxe7 13. d4 Qd7 14. Rd1 exd4
15. Nxd4 Bh3 16. Bh1 Rfe8 17. f3 Re7 18. e4 Qc7 19. Nf5 Bxf5 20. exf5 Rae8 21.
Bd2 Qb6+ 22. c5 dxc5 23. Qxc5 Qxc5+ 24. bxc5 Re5 25. Re1 Rxf5 26. Rxe8+ Nxe8
27. Re1 Kf8 28. Bf4 Nb5 29. a4 Nc3 30. Bd6+ Nxd6 31. cxd6 Rd5 32. Re7 Rxd6 33.
Rxb7 Nxa4 34. f4 1/2-1/2

[Event "XIV. DBMM Schach"]
[Site "Dresden"]
[Date "2014.11.21"]
[Round "3.1"]
[White "Jacobsen, Ruediger"]
[Black "Wirth, Volker"]
[Result "1-0"]
[WhiteElo "1518"]
[BlackElo "1717"]
[Annotator "br"]
[PlyCount "39"]
[EventDate "2014.??.??"]
[EventType "team-swiss"]
[EventRounds "7"]
[EventCountry "GER"]
[Source "FV Schach e.V."]
[SourceDate "2015.07.06"]
[WhiteTeam "SG Airbus Bremen"]
[BlackTeam "Sparkassen-Vers. Stuttgart II"]
[WhiteTeamCountry "GER"]
[BlackTeamCountry "GER"]

1. e4 c5 2. Nc3 d6 3. Bc4 Nf6 4. d3 a6 5. a3 b5 6. Ba2 Bb7 7. Nf3 Nbd7 8. O-O
e6 9. Ne2 Be7 10. Ng3 O-O 11. Bd2 Qc7 12. Re1 Rfd8 13. Rc1 a5 14. Bb1 b4 15. a4
Nb6 16. c4 d5 17. e5 Ne8 18. Qc2 dxc4 19. dxc4 Bxf3 20. Qxh7+ 1-0

[Event "XIV. DBMM Schach"]
[Site "Dresden"]
[Date "2014.11.21"]
[Round "3.2"]
[White "Brethauer, Tim"]
[Black "Mikoteit, Siegfried"]
[Result "1/2-1/2"]
[WhiteElo "1641"]
[BlackElo "1304"]
[Annotator "br"]
[PlyCount "52"]
[EventDate "2014.??.??"]
[EventType "team-swiss"]
[EventRounds "7"]
[EventCountry "GER"]
[Source "FV Schach e.V."]
[SourceDate "2015.07.06"]
[WhiteTeam "Sparkassen-Vers. Stuttgart II"]
[BlackTeam "SG Airbus Bremen"]
[WhiteTeamCountry "GER"]
[BlackTeamCountry "GER"]

1. e4 e5 2. Nf3 Nc6 3. Bb5 d6 4. Bxc6+ bxc6 5. d4 Bg4 6. dxe5 Bxf3 7. Qxf3 dxe5
8. O-O Bd6 9. Nc3 h6 10. Rd1 Qf6 11. Qxf6 Nxf6 12. Rd3 O-O-O 13. Be3 c5 14. f3
Kb7 15. Rad1 a6 16. Kf1 Kc6 17. Ne2 Be7 18. Rxd8 Rxd8 19. Rxd8 Bxd8 $11 20. c4
Nd7 21. b3 Kb6 22. Bd2 Bg5 23. Bxg5 hxg5 24. Nc3 c6 25. a3 Kc7 26. Kf2 Nf6
1/2-1/2

[Event "XIV. DBMM Schach"]
[Site "Dresden"]
[Date "2014.11.21"]
[Round "3.4"]
[White "Stahr, Ralf Peter"]
[Black "Feldmann, Alfred"]
[Result "1-0"]
[WhiteElo "2042"]
[BlackElo "1435"]
[Annotator "br"]
[PlyCount "47"]
[EventDate "2014.??.??"]
[EventType "team-swiss"]
[EventRounds "7"]
[EventCountry "GER"]
[Source "FV Schach e.V."]
[SourceDate "2015.07.06"]
[WhiteTeam "Sparkassen-Vers. Stuttgart II"]
[BlackTeam "SG Airbus Bremen"]
[WhiteTeamCountry "GER"]
[BlackTeamCountry "GER"]

1. c4 Nf6 2. Nc3 e6 3. e4 Nc6 4. d4 Bb4 5. Qd3 O-O 6. e5 Ne8 7. f4 d6 8. Nf3
dxe5 9. fxe5 f6 10. exf6 Nxf6 11. Bg5 Qd7 12. Be2 Bxc3+ 13. bxc3 Nh5 14. O-O
Nf4 15. Bxf4 Rxf4 16. Ng5 Rh4 17. Rf7 Qd6 18. g3 Rh6 19. h4 Ne7 20. c5 Qd8 21.
Raf1 Nf5 22. R7xf5 exf5 23. Qc4+ Kf8 24. Qf7# 1-0

[Event "XIV. DBMM Schach"]
[Site "Dresden"]
[Date "2014.11.21"]
[Round "3.1"]
[White "Quast, Michael"]
[Black "Zunk, Olaf"]
[Result "1-0"]
[WhiteElo "1723"]
[BlackElo "1402"]
[Annotator "br"]
[PlyCount "51"]
[EventDate "2014.??.??"]
[EventType "team-swiss"]
[EventRounds "7"]
[EventCountry "GER"]
[Source "FV Schach e.V."]
[SourceDate "2015.07.06"]
[WhiteTeam "BA Tempelhof Berlin II"]
[BlackTeam "ADAC Muenchen II"]
[WhiteTeamCountry "GER"]
[BlackTeamCountry "GER"]

1. b3 e5 2. Bb2 d6 3. e3 Nc6 4. Bb5 Bd7 5. Ne2 g6 6. O-O Bg7 7. f4 Nf6 8. Bxc6
Bxc6 9. fxe5 Nd7 10. Nd4 Nxe5 11. Nxc6 bxc6 12. d4 Nd7 13. Qf3 O-O 14. Qxc6 Re8
15. Rf3 Rb8 16. Nc3 Re6 17. Raf1 f6 18. Qc4 Kf7 19. Ne2 Rc8 20. Nf4 Nf8 21.
Nxe6 Nxe6 22. d5 Ng5 23. Rxf6+ Bxf6 24. Bxf6 Qxf6 25. Rxf6+ Kxf6 26. Qf4+ 1-0

[Event "XIV. DBMM Schach"]
[Site "Dresden"]
[Date "2014.11.21"]
[Round "3.2"]
[White "Lajh, Anton"]
[Black "Bockelmann, Rolf"]
[Result "1-0"]
[WhiteElo "1530"]
[BlackElo "1709"]
[Annotator "br"]
[PlyCount "157"]
[EventDate "2014.??.??"]
[EventType "team-swiss"]
[EventRounds "7"]
[EventCountry "GER"]
[Source "FV Schach e.V."]
[SourceDate "2015.07.06"]
[WhiteTeam "ADAC Muenchen II"]
[BlackTeam "BA Tempelhof Berlin II"]
[WhiteTeamCountry "GER"]
[BlackTeamCountry "GER"]

1. e4 e5 2. Nf3 Nc6 3. Bc4 Nf6 4. d3 h6 5. a3 Bc5 6. h3 O-O 7. O-O d5 8. exd5
Nxd5 9. Bxd5 Qxd5 10. Nc3 Qd8 11. Be3 Bd4 12. Bxd4 exd4 13. Ne4 Re8 14. Qd2 Re6
15. Rae1 Rg6 16. Ng3 Be6 17. Ne5 Nxe5 18. Rxe5 Qd6 19. Rfe1 b6 20. Kf1 c5 21.
Qf4 Rd8 22. Qe4 Bd5 23. Re8+ Rxe8 24. Qxe8+ Kh7 25. Qe7 Qf4 26. Qe5 Qg5 27.
Qxg5 Rxg5 28. Re7 a5 29. Ne4 Rg6 30. g3 Ba2 31. Nd2 Bd5 32. h4 h5 33. Re5 Be6
34. Rxh5+ Kg8 35. Re5 Kh7 36. Nf3 Bh3+ 37. Ke1 Bd7 38. Re7 Re6+ 39. Rxe6 fxe6
40. Ne5 Be8 41. f4 g6 42. Nc4 b5 43. Nxa5 Kh6 44. Nb3 c4 45. Nxd4 cxd3 46. cxd3
Bd7 47. Kf2 Kg7 48. Kf3 Kf6 49. g4 e5 50. g5+ Ke7 51. fxe5 Kd8 52. e6 Be8 53.
Kf4 Ke7 54. Ke5 b4 55. axb4 Ba4 56. b3 Be8 57. b5 Kd8 58. Kd6 Kc8 59. e7 Kb7
60. b4 Kb6 61. Ke6 Kc7 62. Kf6 Kd6 63. Nc6 Kc7 64. Kg7 Kb6 65. Kf8 Kxb5 66.
Kxe8 Kxc6 67. Kd8 Kb5 68. e8=Q+ Kxb4 69. Qe4+ Kc5 70. Qc4+ Kd6 71. Qf7 Ke5 72.
Qxg6 Kd4 73. Qe4+ Kc5 74. g6 Kd6 75. g7 Kc5 76. g8=Q Kb6 77. Qe5 Kb7 78. Qge6
Ka7 79. Qc7+ 1-0

[Event "XIV. DBMM Schach"]
[Site "Dresden"]
[Date "2014.11.21"]
[Round "3.4"]
[White "Zunk, Steffi"]
[Black "Warnest, Stefan"]
[Result "0-1"]
[WhiteElo "822"]
[BlackElo "1424"]
[Annotator "br"]
[PlyCount "46"]
[EventDate "2014.??.??"]
[EventType "team-swiss"]
[EventRounds "7"]
[EventCountry "GER"]
[Source "FV Schach e.V."]
[SourceDate "2015.07.06"]
[WhiteTeam "ADAC Muenchen II"]
[BlackTeam "BA Tempelhof Berlin II"]
[WhiteTeamCountry "GER"]
[BlackTeamCountry "GER"]

1. e4 c6 2. d3 d5 3. Nf3 dxe4 4. Nfd2 exd3 5. cxd3 Nf6 6. Nf3 Bg4 7. Nbd2 e6 8.
Be2 Nbd7 9. h3 Bf5 10. O-O Nb6 11. a3 Bxd3 12. Ne5 Bxe2 13. Qxe2 Bd6 14. Ndf3
Qc7 15. Bf4 O-O 16. Rac1 Nbd5 17. Qd2 Nxf4 18. Rfe1 Bxe5 19. Nxe5 N4d5 20. Qd4
Ne7 21. Rcd1 Nf5 22. Qc4 Rad8 23. Qc2 Rxd1 0-1

[Event "XIV. DBMM Schach"]
[Site "Dresden"]
[Date "2014.11.21"]
[Round "4.1"]
[White "Meister, Jakob"]
[Black "Kleeschaetzky, Rainer"]
[Result "1/2-1/2"]
[WhiteElo "2466"]
[BlackElo "2321"]
[Annotator "br"]
[PlyCount "27"]
[EventDate "2014.??.??"]
[EventType "team-swiss"]
[EventRounds "7"]
[EventCountry "GER"]
[Source "FV Schach e.V."]
[SourceDate "2015.07.06"]
[WhiteTeam "SK Praesident Berlin"]
[BlackTeam "Deutsche Bahn/BSW Berlin"]
[WhiteTeamCountry "RUS"]
[BlackTeamCountry "GER"]

1. d4 d5 2. Bf4 c6 3. Nd2 Nf6 4. e3 Bg4 5. f3 Bh5 6. g4 Bg6 7. h4 h6 8. Ne2 e6
9. c4 Nbd7 10. Qb3 Qb6 11. c5 Qxb3 12. axb3 Be7 13. Nc3 O-O 14. b4 1/2-1/2

[Event "XIV. DBMM Schach"]
[Site "Dresden"]
[Date "2014.11.21"]
[Round "4.3"]
[White "Gruzmann, Boris"]
[Black "Kleeschaetzky, Ralf"]
[Result "1/2-1/2"]
[WhiteElo "2246"]
[BlackElo "2239"]
[Annotator "br"]
[PlyCount "40"]
[EventDate "2014.??.??"]
[EventType "team-swiss"]
[EventRounds "7"]
[EventCountry "GER"]
[Source "FV Schach e.V."]
[SourceDate "2015.07.06"]
[WhiteTeam "SK Praesident Berlin"]
[BlackTeam "Deutsche Bahn/BSW Berlin"]
[WhiteTeamCountry "RUS"]
[BlackTeamCountry "GER"]

1. e4 c5 2. Nf3 Nc6 3. d4 cxd4 4. Nxd4 Nf6 5. Nc3 e5 6. Ndb5 d6 7. Nd5 Nxd5 8.
exd5 Nb8 9. c4 Be7 10. Be2 a6 11. Nc3 f5 12. O-O O-O 13. f3 Bg5 14. Kh1 Bxc1
15. Qxc1 Nd7 16. b4 b6 17. a4 a5 18. Nb5 axb4 19. Qb2 Nc5 20. Qxb4 Rf6 1/2-1/2

[Event "XIV. DBMM Schach"]
[Site "Dresden"]
[Date "2014.11.21"]
[Round "4.4"]
[White "Schuettig, Ruediger"]
[Black "Mueller, Reinhard"]
[Result "1/2-1/2"]
[WhiteElo "2270"]
[BlackElo "2129"]
[Annotator "br"]
[PlyCount "33"]
[EventDate "2014.??.??"]
[EventType "team-swiss"]
[EventRounds "7"]
[EventCountry "GER"]
[Source "FV Schach e.V."]
[SourceDate "2015.07.06"]
[WhiteTeam "Deutsche Bahn/BSW Berlin"]
[BlackTeam "SK Praesident Berlin"]
[WhiteTeamCountry "GER"]
[BlackTeamCountry "RUS"]

1. d4 f5 2. Nf3 Nf6 3. d5 c6 4. c4 g6 5. g3 Bg7 6. Bg2 d6 7. O-O O-O 8. Nc3 Na6
9. dxc6 bxc6 10. Nd4 Qe8 11. Bxc6 Bd7 12. Bd5+ Nxd5 13. cxd5 Nc7 14. Be3 h6 15.
Qd2 Kh7 16. Nf3 Qf7 17. Bd4 1/2-1/2

[Event "XIV. DBMM Schach"]
[Site "Dresden"]
[Date "2014.11.21"]
[Round "4.1"]
[White "Schreiter, Thomas"]
[Black "Gohil, Harry"]
[Result "0-1"]
[WhiteElo "2037"]
[BlackElo "2322"]
[Annotator "br"]
[PlyCount "44"]
[EventDate "2014.??.??"]
[EventType "team-swiss"]
[EventRounds "7"]
[EventCountry "GER"]
[Source "FV Schach e.V."]
[SourceDate "2015.07.06"]
[WhiteTeam "le-tex GmbH Leipzig"]
[BlackTeam "BSG Commerzbank Frankfurt"]
[WhiteTeamCountry "GER"]
[BlackTeamCountry "GER"]

1. d4 Nf6 2. c4 g6 3. Nc3 Bg7 4. e4 O-O 5. Be2 d6 6. Nf3 e5 7. d5 a5 8. O-O Na6
9. Ne1 Nc5 10. f3 Nfd7 11. Nd3 f5 12. Be3 f4 13. Bf2 h5 14. b3 g5 15. a3 Kh8
16. Qc2 Nxd3 17. Qxd3 Rg8 18. b4 Bf8 19. Qc2 g4 20. Kh1 g3 21. Bg1 gxh2 22. Bf2
Qg5 0-1

[Event "XIV. DBMM Schach"]
[Site "Dresden"]
[Date "2014.11.21"]
[Round "4.2"]
[White "Hilbig, Olaf"]
[Black "Heinrich, Thomas"]
[Result "1-0"]
[WhiteElo "2167"]
[BlackElo "2224"]
[Annotator "br"]
[PlyCount "93"]
[EventDate "2014.??.??"]
[EventType "team-swiss"]
[EventRounds "7"]
[EventCountry "GER"]
[Source "FV Schach e.V."]
[SourceDate "2015.07.06"]
[WhiteTeam "BSG Commerzbank Frankfurt"]
[BlackTeam "le-tex GmbH Leipzig"]
[WhiteTeamCountry "GER"]
[BlackTeamCountry "GER"]

1. Nc3 c5 2. d4 Nf6 3. Bg5 e6 4. Nf3 a6 5. e4 cxd4 6. Nxd4 d6 7. Bd3 Be7 8. f4
h6 9. Bxf6 Bxf6 10. Nb3 Qc7 11. O-O Nc6 12. Qe2 b5 13. Rae1 O-O 14. Qh5 Nb4 15.
e5 g6 16. Qxh6 Bg7 17. Qg5 Nxd3 18. cxd3 Bb7 19. h4 Qd8 20. Qg3 Kh7 21. Nd2 d5
22. d4 Rh8 23. Nf3 Kg8 24. Qf2 Bf8 25. g4 Be7 26. g5 a5 27. Rc1 Ba6 28. Rfd1
Qd7 29. Ne2 Bd8 30. Nh2 Bb6 31. Ng4 Kf8 32. Nf6 Qa7 33. Rc6 Ke7 34. Rdc1 Rac8
35. Rxc8 Rxc8 36. Rxc8 Bxc8 37. h5 gxh5 38. Nxh5 b4 39. Nhg3 Qc7 40. f5 Qc2 41.
g6 fxg6 42. f6+ Ke8 43. Qh2 Bxd4+ 44. Nxd4 Qd1+ 45. Kg2 Qxd4 46. Qh7 Qc5 47.
f7+ 1-0

[Event "XIV. DBMM Schach"]
[Site "Dresden"]
[Date "2014.11.21"]
[Round "4.3"]
[White "Hoffmann, Hendrik"]
[Black "Lutterbey, Ralf"]
[Result "1-0"]
[WhiteElo "2193"]
[BlackElo "1903"]
[Annotator "br"]
[PlyCount "65"]
[EventDate "2014.??.??"]
[EventType "team-swiss"]
[EventRounds "7"]
[EventCountry "GER"]
[Source "FV Schach e.V."]
[SourceDate "2015.07.06"]
[WhiteTeam "le-tex GmbH Leipzig"]
[BlackTeam "BSG Commerzbank Frankfurt"]
[WhiteTeamCountry "GER"]
[BlackTeamCountry "GER"]

1. e4 d5 2. exd5 Qxd5 3. Nc3 Qa5 4. d4 e5 5. dxe5 Bb4 6. Bd2 Nc6 7. a3 Qxe5+ 8.
Be2 Bc5 9. Nf3 Qe7 10. Nd5 Qd7 11. Bc3 f6 12. O-O Nce7 13. Nf4 Qf5 14. Qc1 Bd6
15. Bd2 g5 16. Nh5 Qg6 17. Ng3 h5 18. Bd3 Qg7 19. Ne4 g4 20. Nxd6+ cxd6 21. Nh4
Bd7 22. Bf4 Bc6 23. Qe3 Kd7 24. Qd4 Nd5 25. Bxd6 Nh6 26. Bg3 Kc8 27. c4 Ne7 28.
Qf4 Kd8 29. Qc7+ Ke8 30. Rfe1 Bd7 31. Ng6 Nhg8 32. Nxh8 Qxh8 33. Bg6+ 1-0

[Event "XIV. DBMM Schach"]
[Site "Dresden"]
[Date "2014.11.21"]
[Round "4.4"]
[White "Brauer, Frank"]
[Black "Rohne, Lars"]
[Result "0-1"]
[WhiteElo "1883"]
[BlackElo "2152"]
[Annotator "fb"]
[PlyCount "107"]
[EventDate "2014.??.??"]
[EventType "team-swiss"]
[EventRounds "7"]
[EventCountry "GER"]
[Source "FV Schach e.V."]
[SourceDate "2015.07.06"]
[WhiteTeam "BSG Commerzbank Frankfurt"]
[BlackTeam "le-tex GmbH Leipzig"]
[WhiteTeamCountry "GER"]
[BlackTeamCountry "GER"]

1. e4 d6 2. d4 Nf6 3. Nc3 c6 4. f4 Qa5 5. Bd3 e5 6. dxe5 dxe5 7. fxe5 Ng4 8.
Nf3 Nxe5 9. Nxe5 Qxe5 10. O-O Bd6 11. Bf4 Qc5+ 12. Kh1 Bxf4 13. Rxf4 Nd7 14. a3
Ne5 15. Qg1 Qxg1+ 16. Kxg1 Be6 17. Rff1 O-O-O 18. Rfd1 Bc4 19. Be2 Bxe2 20.
Nxe2 Nc4 21. b3 Ne3 22. Rxd8+ Rxd8 23. c4 Rd2 24. Kf2 Nxg2 25. Rg1 Nf4 26. Ke3
Rxe2+ 27. Kxf4 g6 28. h3 Kd7 29. Rd1+ Ke7 30. Rd3 Rf2+ 31. Kg3 Rf1 32. c5 f5
33. exf5 Rxf5 34. b4 a5 35. Re3+ Kd7 36. Rd3+ Kc7 37. Re3 axb4 38. axb4 Rd5 39.
Re7+ Rd7 40. Re4 Kd8 41. Kg4 Re7 42. Rf4 Ke8 43. Kg5 Re5+ 44. Kf6 Rh5 45. h4
Kf8 46. Rd4 Rf5+ 47. Ke6 Ke8 48. Rd7 Re5+ 49. Kxe5 Kxd7 50. Kf6 Ke8 51. Kg7 Ke7
52. Kxh7 Kf7 53. Kh6 Kf6 54. Kh7 0-1

[Event "XIV. DBMM Schach"]
[Site "Dresden"]
[Date "2014.11.21"]
[Round "4.1"]
[White "Blum, Norbert"]
[Black "Seger, Ruediger"]
[Result "1-0"]
[WhiteElo "2009"]
[BlackElo "2372"]
[Annotator "br"]
[PlyCount "81"]
[EventDate "2014.??.??"]
[EventType "team-swiss"]
[EventRounds "7"]
[EventCountry "GER"]
[Source "FV Schach e.V."]
[SourceDate "2015.07.06"]
[WhiteTeam "Sparkassen-Vers. Stuttgart"]
[BlackTeam "Deutsche Post Bonn"]
[WhiteTeamCountry "GER"]
[BlackTeamCountry "GER"]

1. e4 c5 2. c3 d5 3. exd5 Qxd5 4. d4 g6 5. Nf3 Bg7 6. Be2 cxd4 7. cxd4 Nf6 8.
Nc3 Qa5 9. O-O O-O 10. h3 Nc6 11. Be3 Rd8 12. Qb3 Qb4 13. Qxb4 Nxb4 14. Rac1
Be6 15. a3 Nc6 16. b4 Rac8 17. Rfd1 Nd5 18. Nxd5 Bxd5 19. b5 Na5 20. Ne5 Nb3
21. Rxc8 Rxc8 22. Bf3 e6 23. Bxd5 exd5 24. Rd3 Nc1 25. Rd1 Ne2+ 26. Kf1 Rc2 27.
Re1 Nc3 28. b6 axb6 29. Nd7 f5 30. g3 b5 31. Ra1 Kf7 32. Nc5 b6 33. Nd7 Na4 34.
Rb1 Ke6 35. Nb8 Nc3 36. Rb3 f4 37. gxf4 Kf5 38. Nd7 Bh6 39. Nxb6 Bxf4 40. Bxf4
Kxf4 41. Rxc3 1-0

[Event "XIV. DBMM Schach"]
[Site "Dresden"]
[Date "2014.11.21"]
[Round "4.2"]
[White "Stanetzek, Carsten"]
[Black "Marten, Gero"]
[Result "1-0"]
[WhiteElo "2233"]
[BlackElo "2010"]
[Annotator "br"]
[PlyCount "63"]
[EventDate "2014.??.??"]
[EventType "team-swiss"]
[EventRounds "7"]
[EventCountry "GER"]
[Source "FV Schach e.V."]
[SourceDate "2015.07.06"]
[WhiteTeam "Deutsche Post Bonn"]
[BlackTeam "Sparkassen-Vers. Stuttgart"]
[WhiteTeamCountry "GER"]
[BlackTeamCountry "GER"]

1. e4 c5 2. Nf3 d6 3. Bb5+ Bd7 4. c4 Nf6 5. Nc3 Nc6 6. d4 cxd4 7. Nxd4 g6 8.
Be3 Bg7 9. f3 a6 10. Bxc6 bxc6 11. c5 Qc7 12. O-O O-O 13. Rc1 Rfd8 14. Qe2 Be8
15. Bf2 Nh5 16. cxd6 exd6 17. Nd5 Qb7 18. Nxc6 Bxc6 19. Rxc6 Qxb2 20. Qxb2 Bxb2
21. Rb1 Be5 22. g3 Bg7 23. a4 Nf6 24. Nb6 Rab8 25. Rf1 Bf8 26. a5 Nd7 27. Nxd7
Rxd7 28. Rxa6 Rc7 29. Rb6 Rbc8 30. a6 Rc2 31. a7 d5 32. Rb8 1-0

[Event "XIV. DBMM Schach"]
[Site "Dresden"]
[Date "2014.11.21"]
[Round "4.3"]
[White "Bischoff, Ulrich"]
[Black "Gikas, Andreas Basilius"]
[Result "0-1"]
[WhiteElo "2107"]
[BlackElo "2176"]
[Annotator "br"]
[PlyCount "108"]
[EventDate "2014.??.??"]
[EventType "team-swiss"]
[EventRounds "7"]
[EventCountry "GER"]
[Source "FV Schach e.V."]
[SourceDate "2015.07.06"]
[WhiteTeam "Sparkassen-Vers. Stuttgart"]
[BlackTeam "Deutsche Post Bonn"]
[WhiteTeamCountry "GER"]
[BlackTeamCountry "GER"]

1. e4 Nf6 2. e5 Nd5 3. d4 d6 4. Nf3 g6 5. Be2 Bg7 6. c4 Nb6 7. O-O O-O 8. Nc3
Nc6 9. Bf4 Bg4 10. exd6 cxd6 11. c5 dxc5 12. dxc5 Qxd1 13. Rfxd1 Bxc3 14. bxc3
Na4 15. Bb5 Bxf3 16. gxf3 Nxc3 17. Bxc6 bxc6 18. Re1 Nd5 19. Bg5 e6 20. Rab1
Rab8 21. h4 h5 22. Kg2 Nc3 23. Rxb8 Rxb8 24. Bf6 Nd5 25. Be5 Rb5 26. Bd6 Rb2
27. a4 Rb4 28. Re4 Rxe4 29. fxe4 Nc3 30. Kf3 Nxa4 31. e5 Nc3 32. Bc7 Nd5 33.
Bd8 Kf8 34. Ke4 Ke8 35. Bg5 a5 36. Kd4 Kd7 37. Kc4 a4 38. Kd3 Kc8 39. Kc4 Kb7
40. Bd8 Ka6 41. Bg5 a3 42. Bc1 a2 43. Bb2 Ne7 44. Kb3 Kb5 45. Kxa2 Kc4 46. Bc1
Nf5 47. Bg5 Kxc5 48. Kb3 Kd4 49. Bf6 c5 50. Kc2 c4 51. Kd2 c3+ 52. Kc2 Kc4 53.
Bd8 Nd4+ 54. Kb1 Kb3 0-1

[Event "XIV. DBMM Schach"]
[Site "Dresden"]
[Date "2014.11.21"]
[Round "4.4"]
[White "Biedekoepper, Robert"]
[Black "Lau, Peter"]
[Result "1/2-1/2"]
[WhiteElo "2056"]
[BlackElo "1824"]
[Annotator "br"]
[PlyCount "102"]
[EventDate "2014.??.??"]
[EventType "team-swiss"]
[EventRounds "7"]
[EventCountry "GER"]
[Source "FV Schach e.V."]
[SourceDate "2015.07.06"]
[WhiteTeam "Deutsche Post Bonn"]
[BlackTeam "Sparkassen-Vers. Stuttgart"]
[WhiteTeamCountry "GER"]
[BlackTeamCountry "GER"]

1. c4 f5 2. g3 Nf6 3. Bg2 g6 4. Nc3 Bg7 5. d4 d6 6. Nf3 O-O 7. O-O Nc6 8. d5
Ne5 9. Qb3 Nxf3+ 10. Bxf3 Rb8 11. Be3 b6 12. Bd4 e5 13. dxe6 Bxe6 14. Rad1 Qe7
15. Rd2 Qf7 16. Nd5 Kh8 17. Qc2 Rbe8 18. e3 Ne4 19. Bxg7+ Qxg7 20. Rd4 Ng5 21.
Bg2 Bg8 22. Qa4 a5 23. Rc1 Ne6 24. Rd2 g5 25. Qd1 f4 26. Qg4 Qe5 27. exf4 gxf4
28. Re2 Qg7 29. Bh3 Nd4 30. Rxe8 Rxe8 31. Nxf4 Qe5 32. Bf1 Re7 33. Rd1 c5 34.
Nd3 Qf6 35. Qf4 Qg6 36. Ne1 Rf7 37. Qe3 Qg4 38. Rd2 Rf3 39. Qe7 Qg6 40. Bd3 Qh6
41. Rd1 Rf7 42. Qe4 Qf8 43. f4 Re7 44. Qg2 Qe8 45. Nf3 Nxf3+ 46. Qxf3 Re1+ 47.
Rxe1 Qxe1+ 48. Kg2 Qd2+ 49. Qe2 Qc1 50. Qc2 Qxc2+ 51. Bxc2 Bxc4 1/2-1/2